| 000 | 01928cam a2200169 4500500 | ||
|---|---|---|---|
| 005 | 20260208013604.0 | ||
| 041 | _afre | ||
| 042 | _adc | ||
| 100 | 1 | 0 |
_aBacot, Jean-Pierre _eauthor |
| 245 | 0 | 0 | _aDes torrents de papier. Catholicisme et lectures populaires au XIXe siècle De Loïc ARTIAGA Par Jean-Pierre BACOT |
| 260 | _c2008. | ||
| 500 | _a35 | ||
| 520 | _aDes outils, assortis de méthodologies permettent désormais de travailler sur des corpus que l’on croyait inaccessibles à la recherche sociologique et politiste. Ainsi en va-t-il ici d’une photographie du contenu des nombreux sites qui ont concerné en France le Traité Constitutionnel Européen, rejeté par référendum le 31 mai 2005. Analysant le recueil des données et des acteurs, grâce à un outil, le crawl, détaillant les nécessités de sa configuration, l’auteur en vient ensuite à étudier comment furent constituées et alimentées les communautés du « oui » et du « non » et ce que furent les interactions entre le deux. | ||
| 520 | _aTHE WEB AND THE EUROPEAN CONSTITUTIONAL TREATY Ecology of a competitive thematic locality Today’s tools and methodologies enable researchers to work on material that was formerly believed to be inaccessible to sociological and political research. This is the case here of a photograph of the content of many sites in France concerning the European Constitutional Treaty which French voters refused in the 31 May 2005 referendum. The author uses a tool, the crawl, to analyse the corpus of data and the actors, and describes the necessities of its configuration. He then examines the way in which the communities of “Yeses” and “No’s” were constituted and fuelled, and the interactions between the two. | ||
| 786 | 0 | _nRéseaux | 147 | 1 | 2008-04-29 | p. 259d-276d | 0751-7971 | |
| 856 | 4 | 1 | _uhttps://shs.cairn.info/revue-reseaux1-2008-1-page-259d?lang=fr&redirect-ssocas=7080 |
| 999 |
_c1660477 _d1660477 |
||